000 00538nam a2200229Ia 4500
003 OSt
005 20221005122437.0
006 a|||||r|||| 00| 0
007 ta
008 221004b |||||||| |||| 00| 0 tel d
024 _a62445
037 _cTextual
040 _aCRL
_cCRL
_btel
041 _2tel
_atel
082 _aP35, N2
100 _aSudhakar Au.
_9632007
245 0 _aJoshua Katha
260 _c1992
650 _aLINGUISTICS
942 _hP35, N2
_cTEXL
_2cc
999 _c1044317
_d1044317